The physical basis for heterogeneous catalysis : Battelle Institute Materials Science Colloquia, Gstaad, Switzerland, Sept. 2-6, 1974 /

Na minha lista:
Detalhes bibliográficos
Corporate Authors: Battelle Institute Materials Science Colloquia Gstaad, Switzerland, Battelle Memorial Institute
Outros Autores: Jaffee, Robert Isaac, 1917-, Drauglis, Edmund, 1933-
Formato: Conference Proceeding Livro
Idioma:English
Publicado em: New York : Plenum Press, c1975.
Assuntos:
LEADER 01245nam a2200277 i 4500
001 c000136926
003 CARM
005 00000000000000.0
008 751121s1975 nyua b 10110 eng
019 1 |a 244817  |z 40264513  |5 LACONCORD2021 
020 |a 0306309122 
035 |a (OCoLC)1958478  |5 LACONCORD2021 
050 0 0 |a QD505  |b .B37 1974 
082 0 0 |a 541/.395 
111 2 0 |a Battelle Institute Materials Science Colloquia  |n (9th :  |d 1974 :  |c Gstaad, Switzerland) 
245 1 4 |a The physical basis for heterogeneous catalysis :  |b Battelle Institute Materials Science Colloquia, Gstaad, Switzerland, Sept. 2-6, 1974 /  |c Robert I. Jaffee, chairman ; edited by Edmund Drauglis, Robert I. Jaffee. 
260 |a New York :  |b Plenum Press,  |c c1975. 
300 |a xxvi, 596 p. :  |b ill. ;  |c 26 cm. 
504 |a Includes bibliographical references and indexes. 
650 0 |a Catalysis  |x Congresses. 
700 1 |a Jaffee, Robert Isaac,  |d 1917- 
700 1 |a Drauglis, Edmund,  |d 1933- 
710 2 0 |a Battelle Memorial Institute. 
852 8 |b CARM  |h A2:AJ25D0  |i C04657  |p 0186850  |f BK 
999 f f |i a2c906bf-53fc-5ead-a432-8e8e9bd83476  |s f69346bd-6c63-5fd4-bad4-628bb8211fc3 
952 f f |p Can circulate  |a CAVAL  |b CAVAL  |c CAVAL  |d CARM 1 Store  |e C04657  |f A2:AJ25D0  |h Other scheme  |i book  |m 0186850